Die besten Torschützen bei Weltmeisterschaften - Sudden Death - Statistiken

Allgemein
  • Dieses Quiz wurde 492 mal gespielt
  • Das Durchschnittsergebnis liegt bei 4 aus 15
Answers on the Grid
Answers color-coded by a green-red scale on the quiz's grid according to % correct below.
Miroslav Klose
Ronaldo
Gerd Müller
Just Fontaine
Lionel Messi
Pelé
Kylian Mbappé
Sándor Kocsis
Jürgen Klinsmann
Helmut Rahn
Gary Lineker
Gabriel Batistuta
Teófilo Cubillas
Thomas Müller
Grzegorz Lato
Eusébio
Paolo Rossi
Roberto Baggio
David Villa
Harry Kane
Neymar
Cristiano Ronaldo
Diego Maradona
Luis Suárez
Davor Suker
James Rodríguez
Thierry Henry
Zinédine Zidane
Zico
Michel Platini
 
Antwortstatistiken
Antwort % Korrekt
Miroslav Klose
55%
Pelé
46%
Thomas Müller
46%
Lionel Messi
43%
Gerd Müller
42%
Ronaldo
42%
Kylian Mbappé
38%
Just Fontaine
23%
Jürgen Klinsmann
15%
Gary Lineker
9%
Sándor Kocsis
7%
Gabriel Batistuta
6%
Grzegorz Lato
6%
Helmut Rahn
6%
Teófilo Cubillas
4%
Keine übereinstimmenden Quizze gefunden
Verteilung der Resultate
Anzahl Personen mit jedem Resultat
Perzentil nach korrekt beantworteten Fragen
Ihre Resultats-Entwicklung
Sie haben dieses Quiz noch nicht gespielt